00888 2200301 4500001002100000005001500021035002000036007000300056008004100059020002200100082001500122084001700137100002300154245007000177250003200247300003900279650002900318504003300347264003200380336002100412337003000433338002300463040002200486090002200508850001200530999002200542990002200564INLIS00000000086845320220304095621 a0010-0322000119ta220304s2021 yoia g | ind d a978-623-02-3161-204223a371.27 a371.27 CAS m0 aCaswitaePengarang10aManajemen evaluasi pembelajaran pendidikan agama Islam /cCaswita aCetakan Pertama : Juli 2021 axiv, 219 halaman :btabel ;c23 cm 4aPembelajaran--xEvaluasi aBibliografi: halaman 210-21731aSleman :bDeepublish,c2021 2rdacontentateks 2rdamediaatanpa perantara 2rdacarrieravolume aYOPDYOGbinderda aCB-D.11 2021-2020 aYOPDYOG aCB-D.11/2021-2020 aCB-D.11/2021-2020